000
00262nam a2200133Ia 4500
100
_a
Degrot
942
_c
BK
654
_a
metal
245
_a
Metal Working Automation
260
_b
Mc Graw Hill
_c
2001
082
_a
670.4
300
_a
332
546
_a
ENGLISH
999
_c
22349
_d
22349